000 01330nam a2200349 c 4500
003 BLK
005 20240912180308.0
008 180411b bul|||||r ||||||| ||bul||
010 _aKNG00186558000
020 _a978-619-151-280-5
_bиздат.: СофтПрес
040 _aBLK
041 _aBUL
_cBUL
072 7 _2bullib
_aН83
_xЧужда художествена литература Н
080 _aАмериканска литература (на САЩ)
_b821.111(73)
_x-31
_z821.111(73)-31
100 1 _aГейбъл, Мишел
_eпърви автор
_951677
700 1 _aРадева, Милена
_eпрев.
_9369662
139 _aГейбъл, Мишел
_bГ 28
245 1 0 _aЩе се видим в Париж
_bРоман
_cМишел Гейбъл; прев. Милена Радева.
257 _aUSA
260 София
_bСофтПрес
_c2016
_fДобрич : Фолиарт
300 _a448 с.
_c20 см
380 _aX
500 _aОриг. загл. I'll See You in Paris / Michelle Gable.
653 _aромани
659 _aН
852 _aЦб 279569
856 4 _qpdf
_u
856 4 _qpdf
_u
942 _cKNG
_n0
_080
944 _aCR
_c17.02.2016
_lГалина Якимова
_k30564
944 _aED
_c14.09.2017
_lф /
_kПенка_Димитрова
999 _c177861
_d177861